| 000 | 00556nam a22001937a 4500 | ||
|---|---|---|---|
| 999 |
_c167506 _d167506 |
||
| 005 | 20220217160626.0 | ||
| 010 | _aENG-126422 | ||
| 020 |
_a978-93-52230-04-4 _c195.00 |
||
| 035 | _aEN-109954 | ||
| 037 | _bDBAD/PUB | ||
| 082 | _aN | ||
| 100 | _aShihorkar, Vibha | ||
| 245 |
_aOur Little Secret / _cby Vibha Shihorkar |
||
| 260 |
_aU.P _bMaple Press _c2018 |
||
| 270 |
_bNoida _aA 63, Sector 58, _e201301 _k+91 120-4553581 _k+91 120-4553583 _minfo@maplepress.co.in |
||
| 300 |
_a201p. _c21cm(pbk) |
||
| 650 | _aENGLISH NOVEL | ||
| 942 |
_2ddc _cEN _hN _mSHI |
||